Inventing the indusrial revolution : The English patent system, 1660-1800

保存先:
書誌詳細
第一著者: MacLeod, Christine
フォーマット: 図書
言語:Undetermined
出版事項: New York Cambrige University Press 1988
主題:
タグ: タグ追加
タグなし, このレコードへの初めてのタグを付けませんか!
Thư viện lưu trữ: Trung tâm Học liệu Trường Đại học Cần Thơ
LEADER 00597nam a2200217Ia 4500
001 CTU_78078
008 210402s9999 xx 000 0 und d
082 |a 346.4 
082 |b M165 
100 |a MacLeod, Christine 
245 0 |a Inventing the indusrial revolution : 
245 4 |b The English patent system, 1660-1800 
245 0 |c Christine MacLeod 
260 |a New York 
260 |b Cambrige University Press 
260 |c 1988 
650 |a Patents 
650 |x History 
650 |y 17th century 
650 |z Great Britain 
980 |a Trung tâm Học liệu Trường Đại học Cần Thơ